Responses for show #4210 - Friday, December 13, 2002

Contestants

Claudine Damm, a student from Coconut Creek, Florida

Kyle Pope, a software entrepreneur from Odenton, Maryland

Willie Holmes, a truck loader and bartender from Chicago, Illinois (whose 2-day cash winnings total $39,000)

Jeopardy! Round responses

BARBRA STREISAND
THE "WAY" WE WERE
THE MAINE EVENT
HELLO, DOLLY!
A CZAR IS BORN
PEOPLE WHO KNEAD PEOPLE
(Alex: Alright, we're going to have fun today!)
    $200 13
(Claudine: Who is Ryan O'Neal?)

James Brolin

WillieClaudine
    $200 1
stairway

Willie
    $200 6
potatoes

Kyle
    $200 11
Barbie

Kyle
    $200 26
Ivan the Terrible

Kyle
    $200 21
Swedish massage

Kyle
    $400 14
evergreen

Willie
    $400 2
"My Way"

Kyle
    $400 7
Leif Ericson

Kyle
    $400 12
Bill Gates

Willie
    $400 27
Nicholas II

Kyle
    $400 22
foot

Claudine
    $600 15
Fanny Brice

Claudine
    $600 3
Norway

Claudine
    $600 8
Appalachian Trail

Claudine
    $600 16
Raggedy Ann & Andy

Claudine
    $3,800 28
Peter the Great

Kyle
    $600 23
shiatsu

Willie
    $800 19
The Prince of Tides

Willie
    $800 4
"Wrong Way" Corrigan

Willie
    $800 9
Massachusetts

Kyle
    $800 17
Chatty Cathy

Willie
    $800 29
Boris Godunov

Triple Stumper
    $800 24
deep muscle/tissue

Willie
    $1000 20
I Can Get It for You Wholesale

Triple Stumper
    $1000 5
"Something Wicked This Way Comes"

Claudine
    $1000 10
Bowdoin College

Claudine
    $1000 18
bisque

Triple Stumper
    $1000 30
Alexander II

Triple Stumper
    $1000 25
corporate massage

Kyle

Scores at the first commercial break (after clue 15):

Willie Kyle Claudine
$2,000 $2,000 $3,600

Scores at the end of the Jeopardy! Round:

Willie Kyle Claudine
$5,000 $7,600 $4,600

Double Jeopardy! Round responses

MAIDS IN GREEK MYTH
PLAYING DOCTOR
(Alex: We want you to name the actor who played each doctor.)
PLANTS
TRAVEL & TOURISM
OPERA
PHRASES REVERSED
(Alex: Let me give you an example of what might appear as a clue in this one: if we said the answer is, "A kids' game: Miss O'Donnell at a boxing match", the correct response would be "Rosie around the ring" instead of "Ring around the Rosie"; that's the kind of reverse thing we're looking for.)
    $400 9
Pandora

Claudine
    $400 4
Ted Danson

Willie
    $400 21
(Kyle: What is pine?)

spruce

Kyle
Triple Stumper
    $400 1
Florida

Kyle
    $400 16
Figaro

Kyle
    $400 26
(Kyle: What is the torpedoes be damned?)

torpedo the dams

Kyle
Triple Stumper
    $800 10
the Fates

Claudine
    $800 5
Richard Chamberlain

Willie
    $800 22
cashew

Kyle
    $800 2
Ford's Theater

Willie
    $800 17
La boheme

Kyle
    $800 27
brave of the home

Willie
    $2,500 11
Athena

Claudine
    $1200 6
(Willie: Who is Ed Flanders?)

Ed Begley, Jr.

WillieKyle
    $10,800 23
(Alex: Well, Kyle, do you like plants?)
(Kyle: I like plants, but...)
(Alex: Come on! True Daily Double again?)
(Kyle: ...Let's make it a True Daily Double.)
(Alex: Whoa!)
[The audience gasps.]
(Alex: Gosh, I hope I don't regret this now. $10,8--)
(Kyle: You talked me into it!)

corn (or maize)

Kyle
    $1200 3
(Willie: What is Haiti?)

Martinique

Willie
Triple Stumper
    $1200 18
Kurt Weill

Triple Stumper
    $1200 28
a vacuum abhors nature

Triple Stumper
    $1600 12
(Willie: Who is Diana?)
...
(Alex: Diana was the Roman equivalent.)

Artemis

WillieClaudine
    $1600 7
Jill Hennessy

Willie
    $1600 24
Venus Flytrap

Willie
    $1600 14
Papeete

Claudine
    $1600 19
Hansel and Gretel

Claudine
    $1600 29
[The end-of-round signal sounds.]
(Alex: And we won't have time to get to the last one. It was a doozy. You would have loved it!)

Tiffany's at Breakfast

Triple Stumper
    $2000 13
Hippolyta

Willie
    $2000 8
Richard Mulligan

Willie
    $2000 25
(Alex: Minute to go now.)

salmonella

Kyle
    $2000 15
kava

Triple Stumper
    $2000 20
Die Fledermaus

Triple Stumper

Scores at the end of the Double Jeopardy! Round:

Willie Kyle Claudine
$11,000 $23,200 $13,100

[wagering suggestions for these scores]

Final Jeopardy! Round responses

U.S. HISTORY
WillieWhat is the US Civil War?
$11,000
ClaudineWhat is World War I
$13,000
KyleWhat is the [Span-Am crossed out] Spanish-American War
$10,000
the Spanish-American War

Final scores:

Willie Kyle Claudine
$0 $33,200 $100
3rd place: $1,000 New champion: $33,200 2nd place: $2,000

Game dynamics:

Coryat scores:

Willie Kyle Claudine
$11,000 $10,400 $11,800
17 R,
3 W
17 R
(including 2 DDs),
2 W
13 R
(including 1 DD),
1 W

Combined Coryat: $33,200

The J! Archive is created by fans, for fans. The Jeopardy! game show and all elements thereof, including but not limited to copyright and trademark thereto, are the property of Jeopardy Productions, Inc. and are protected under law. This website is not affiliated with, sponsored by, or operated by Jeopardy Productions, Inc. Join the discussion at JBoard.tv.